000 00491nam a2200181Ia 4500
005 20250603145602.0
008 250603s9999 xx 000 0 und d
020 _a9781430239697
050 _aTK 5105.888 .S233/
100 _aSacks, Matthew.
245 0 _aPro website development and operations : Tools and weapons : the promise and the peril of the digital age
260 _aNew York
260 _bApress
260 _c2012
300 _a105 p
650 _aNew York
942 _cBK
999 _c42276
_d42276